000 00530nam a2200181Ia 4500
008 151018s9999 xx 000 0 und d
082 _bRBASDV33439
_a891.463
100 _aमीरा सोवनी
245 _aनाचता येइना
250 _b1
260 _bदेविका
_c1997
300 _a96
600 _aमीरा सोवनी
630 _aनाचता येइना
700 _aमीरा सोवनी
730 _aनाचता येइना
942 _cBOOK
999 _c1032952
_d1032949